Normal view
MARC view
- Lexicografía
Entry Materia
001 - NÚMERO DE CONTROL DEL REGISTRO
- campo de control: 48676
003 - IDENTIFICADOR DE NUMERO DE CONTROL
- campo de control: UPN
005 - FECHA Y HORA DE LA ÚLTIMA TRANSACCIÓN
- campo de control: 20230418193122.0
008 - DATOS DE LONGITUD FIJA
- campo de control de longitud fija: 230418nn anznnbabn n a|a d
040 ## - FUENTE DE LA CATALOGACIÓN
- Centro catalogador de origen: MX-MxUPN
- Lengua de catalogación: spa
046 ## - FECHAS CON CODIFICACIÓN ESPECIAL
- Fecha final para contenidos agregados: 2023
150 ## - ENCABEZAMIENTO - TEMÁTICO
- Término de materia o nombre geográfico como elemento inicial: Lexicografía
360 ## - REFERENCIA COMPLEJA DE VÉASE ADEMÁS - MATERIA
- Texto explicativo: La subdivisión
- Encabezamiento al que se remite: Lexicografía
- Texto explicativo: bajo idiomas
550 ## - VÉASE ADEMÁS - MATERIA
- Encabezamiento temático o nombre geográfico como elemento de entrada: Tesauros
550 ## - VÉASE ADEMÁS - MATERIA
- Encabezamiento temático o nombre geográfico como elemento de entrada: Toponimia
670 ## - FUENTE EN LA QUE SE LOCALIZARON DATOS
- Cita de la fuente: LEMB, 1998:
- Información localizada: página 632 (Lexicografía)
902 ## - CATALOGADOR
- Catalogador: VíctorGodínez/180423
